| 000 | 00508cam a22001932 4500 | ||
|---|---|---|---|
| 001 | 0000011846 | ||
| 005 | 20151217152101.0 | ||
| 008 | 090113s xx 000 0 eng d | ||
| 020 | _a0030968291 : | ||
| 040 |
_aKABU _cKABU |
||
| 245 | 1 | 0 | _aElements of literature. |
| 250 | _a1st ed. | ||
| 260 |
_aNew York : _bHolt, _c1997. |
||
| 300 | _axix, 812 p. | ||
| 650 | 0 |
_aEnglish literature. _@0000152215 |
|
| 852 | 1 | _9p850 KES | |
| 908 | _a090113 | ||
| 950 | _@1 | ||
| 999 |
_c8061 _d8061 |
||